El proceso de lectura: de la teoría a la práctica

Uloženo v:
Podrobná bibliografie
Hlavní autor: Dubois, María Eugenia (Autor)
Médium: Kniha
Jazyk:španělština
Vydáno: Buenos Aires Aique 2005
Vydání:5a. ed
Edice:Didáctica
Témata:
Tagy: Přidat tag
Žádné tagy, Buďte první, kdo vytvoří štítek k tomuto záznamu!

MARC

LEADER 00000cam a2200000 a 4500
001 UCB0143
003 CL-VaPUC
005 20240820111729.0
008 191213e20050000ag spa d
020 |a 9507010262 
082 0 4 |a 372.4  |b DUB  |2 21 
100 1 |a Dubois, María Eugenia  |e author  |9 605468 
245 1 3 |a El proceso de lectura: de la teoría a la práctica 
250 |a 5a. ed 
260 |a Buenos Aires  |b Aique  |c 2005 
300 |a 37 p 
490 0 |a Didáctica 
583 |a last modification  |c 20191213 11:48:00  |k Rodrigo Vera 
650 0 0 |a Lectura  |9 307634 
650 0 0 |a Técnicas de comunicación  |9 334811 
942 |c BK 
945 |a dcastane  |d 20191213 11:48:00 
999 |c 376347  |d 376345 
952 |0 0  |1 0  |2 ddc  |3 erb  |4 0  |6 372_400000000000000_DUB_2005  |7 0  |8 A  |9 495738  |a BIBEDU  |b BIBEDU  |c ES_NOD  |i 5611954  |o 372.4 DUB 2005  |p 5611954  |r 2023-08-09  |w 2020-01-06  |y BK  |z Catalogado en:20191213  |k LIT